Statistiques concernant Consoles de jeux vidéo les plus vendues

Cliquez ici pour prendre le quiz!

Statistiques générales

  • Ce quiz a été pris 44 251 fois
    (44 028 depuis la dernière actualisation)
  • Le résultat moyen est 17 sur 29

Statistiques - réponses

AnnéeVentesConsole% Correct
1994102PlayStation
99%
200124Xbox
95%
2013117PlayStation 4
90%
2017139Nintendo Switch
89%
2000155PlayStation 2
89%
200687PlayStation 3
89%
202050Playstation 5
86%
2006102Wii
86%
2004154Nintendo DS
85%
1989119Game Boy / Game Boy Color
82%
198362NES / Famicom
79%
200584Xbox 360
72%
201351Xbox One
72%
201214Wii U
68%
200122Game Cube
63%
201176Nintendo 3DS
63%
202021Xbox Series X / S
59%
200481PlayStation Portable
56%
201113PlayStation Vita
47%
199633Nintendo 64
41%
199049Super NES / Super Famicom
38%
200182Game Boy Advance
32%
198831Megadrive
29%
19989,1Dreamcast
18%
197730Atari 2600
15%
19949,3Sega Saturn
15%
198312Master System
13%
199011Game Gear
11%
198710PC-Engine
4%

Distribution des résultats

Percentile par nombre de réponses

% des personnes avec chaque résultat

Votre développement - résultats

Vous n’avez pas pris ce quiz depuis la dernière actualisation